Memorias de los Vireyes que han gobernado el Perú, durante el tiempo del coloniaje español. Impresas de orden suprema

Gorde:
Xehetasun bibliografikoak
Egile nagusia: Fuentes, Manuel A (Egilea)
Formatua: Liburua
Hizkuntza:gaztelania
Argitaratua: Lima Librería Central de Felipe Bailly 1859
Edizioa:1a. ed
Gaiak:
Etiketak: Etiketa erantsi
Etiketarik gabe, Izan zaitez lehena erregistro honi etiketa jartzen!

MARC

LEADER 00000nam a2200000 a 4500
001 UCJ6117
003 CL-VaPUC
005 20250228102244.0
008 070124e18590000PE |||||||||||||||||spa|d
999 |c 322225  |d 322223 
040 |c Pontificia Universidad Católica de Valparaíso 
082 0 4 |a 985  |b FUE  |2 21 
100 0 |a Fuentes, Manuel A  |e author  |9 512372 
245 1 0 |a Memorias de los Vireyes que han gobernado el Perú, durante el tiempo del coloniaje español. Impresas de orden suprema 
250 |a 1a. ed 
260 |a Lima  |b Librería Central de Felipe Bailly  |c 1859 
300 |a 6 v 
500 |a Vol. I a VI: Folio, tela, plancha dorada.- Anteport.- v.: Callao, Tipografía de Agustín Mena y C., Calle de Pescadores, N§ 135.- Port.- v. en b.- El vol. I, lleva Ex libris (timbre seco) de la Facultad de Filosofía y Letras de la Universidad de San Marcos, Lima, y dedicatoria autógrafa de Don Ramón Arriagada T., fechada en Angeles, 12 de septiembre de 1881. El volumen sexto trae, al final, un mapa: Plano General de las Montañas Orientales al Reyno del Perú pertenecientes a la Corona de España y confines del Portugal, que corresponde al actual Brasil. Se ubica junto a la colección Bolivia-Perú 
583 |a last modification  |c 20070124 00:00:00  |k Rodrigo Vera 
600 0 7 |a MENDOZA Y LUNA, JUAN DE  |2 CL-VaPUC  |9 512373 
600 0 7 |a BORJA Y ARAGON, FRANCISCO DE  |2 CL-VaPUC  |9 512374 
600 0 7 |a CUEVA, BALTASAR DE LA  |2 CL-VaPUC  |9 512375 
600 0 7 |a LIÑAN Y CISNEROS, MELCHOR DE  |2 CL-VaPUC  |9 512376 
600 0 7 |a NAVARRA Y ROCAFUL, MELCHOR DE  |2 CL-VaPUC  |9 512377 
600 0 7 |a ARMENDARIS, JOSE  |2 CL-VaPUC  |9 512378 
600 0 7 |a MENDOZA, J. A. DE  |2 CL-VaPUC  |9 512379 
600 0 7 |a Manso de Velasco, José Antonio,  |d 1688-1767  |9 862323 
600 0 |a Amat y Junyent, Manuel de  |9 446619 
600 0 7 |a CROIX, TEODORO DE  |2 CL-VaPUC  |9 512380 
600 0 7 |a TABOADA Y LEMOS, FRANCISCO GIL DE  |2 CL-VaPUC  |9 512381 
600 0 7 |a UNIVERSIDAD DE SAN MARCOS  |2 CL-VaPUC  |9 512382 
650 0 |a Historia de América  |9 266076 
650 0 |a Colonización española  |9 256592 
650 0 |a Virreyes  |9 386780 
650 7 |a DOCUMENTOS HISTORICOS  |2 CL-VaPUC  |9 438868 
650 0 |a Aborígenes  |9 329972 
650 7 |a NEGROS  |2 CL-VaPUC  |9 340345 
650 0 |a Esclavos  |9 258558 
650 0 |a Yanaconas  |9 512325 
650 0 |a Minería  |9 326008 
650 0 |a Iglesia Católica  |9 256114 
650 7 |a PIRATAS  |2 CL-VaPUC  |9 317855 
650 7 |a EX LIBRIS  |2 CL-VaPUC  |9 505186 
650 0 |a Mapas  |9 260844 
651 0 |a Perú  |9 256567 
651 0 |a Paraguay  |9 255336 
651 7 |a SANTA CRUZ DE LA SIERRA  |2 CL-VaPUC  |9 507980 
651 7 |a TUCUMAN  |2 CL-VaPUC  |9 357006 
651 7 |a BUENOS AIRES  |2 CL-VaPUC  |9 255286 
942 |c BK  |2 ddc 
945 |d 20070124 00:00:00  |a rinostro 
952 |0 0  |1 0  |4 0  |6 985_000000000000000_FUE_1859  |7 0  |8 X  |9 401159  |a FDOBUD  |b FDOBUD  |d 2019-11-22  |h v.1  |i 1043854  |o 985 FUE 1859  |p 1043854  |r 2019-11-22  |w 2019-11-22  |y BK_X  |k BUD 
952 |0 0  |1 0  |4 0  |6 985_000000000000000_FUE_1859  |7 0  |8 X  |9 401160  |a FDOBUD  |b FDOBUD  |d 2019-11-22  |h v.2  |i 1043862  |o 985 FUE 1859  |p 1043862  |r 2019-11-22  |w 2019-11-22  |y BK_X  |k BUD 
952 |0 0  |1 0  |4 0  |6 985_000000000000000_FUE_1859  |7 0  |8 X  |9 401161  |a FDOBUD  |b FDOBUD  |d 2019-11-22  |h v.3  |i 1043870  |o 985 FUE 1859  |p 1043870  |r 2019-11-22  |w 2019-11-22  |y BK_X  |k BUD 
952 |0 0  |1 0  |4 0  |6 985_000000000000000_FUE_1859  |7 0  |8 X  |9 401162  |a FDOBUD  |b FDOBUD  |d 2019-11-22  |h v.4  |i 1066781  |o 985 FUE 1859  |p 1066781  |r 2019-11-22  |w 2019-11-22  |y BK_X  |k BUD 
952 |0 0  |1 0  |4 0  |6 985_000000000000000_FUE_1859  |7 0  |8 X  |9 401163  |a FDOBUD  |b FDOBUD  |d 2019-11-22  |h v.5  |i 106679K  |o 985 FUE 1859  |p 106679K  |r 2019-11-22  |w 2019-11-22  |y BK_X  |k BUD 
952 |0 0  |1 0  |4 0  |6 985_000000000000000_FUE_1859  |7 0  |8 X  |9 401164  |a FDOBUD  |b FDOBUD  |d 2019-11-22  |h v.6  |i 1074644  |o 985 FUE 1859  |p 1074644  |r 2019-11-22  |w 2019-11-22  |y BK_X  |k BUD